Project management : engineering, technology, and implementation (Record no. 55047)

MARC details
000 -LEADER
fixed length control field 00737nam a2200181 a 4500
008 - FIXED-LENGTH DATA ELEMENTS--GENERAL INFORMATION
fixed length control field 210209s1994 ||||||||||||||||| || u
020 ## - INTERNATIONAL STANDARD BOOK NUMBER
International Standard Book Number 9780135564585
050 ## - LIBRARY OF CONGRESS CALL NUMBER
Classification number TA 190 Sht
100 ## - MAIN ENTRY--PERSONAL NAME
Personal name Globerson, Shlomo
245 10 - TITLE STATEMENT
Title Project management : engineering, technology, and implementation
Statement of responsibility, etc. By Avraham Shtub; Jonathan F. Bard; Shlomo Globerson
260 ## - PUBLICATION, DISTRIBUTION, ETC.
Place of publication, distribution, etc. New Jersey
Name of publisher, distributor, etc. Prentice-Hall
Date of publication, distribution, etc. 1994
300 ## - PHYSICAL DESCRIPTION
Extent xxii, 634pages : illustrations
650 #0 - SUBJECT ADDED ENTRY--TOPICAL TERM
Topical term or geographic name entry element PROJECT MANAGEMENT
650 ## - SUBJECT ADDED ENTRY--TOPICAL TERM
Topical term or geographic name entry element ENGINEERING -- MANAGEMENT
700 ## - ADDED ENTRY--PERSONAL NAME
Personal name Shtub, Avraham
700 ## - ADDED ENTRY--PERSONAL NAME
Personal name Bard, Jonathan F
995 ## - RECOMMENDATION 995 [LOCAL, UNIMARC FRANCE]
-- 41.08
-- CBU-MAIN LIBRARY (Kitwe)
-- 1
-- AVAILABLE
-- Feb 16, 2021
-- Main Library Open Access Collection
Holdings
Withdrawn status Lost status Source of classification or shelving scheme Damaged status Not for loan Home library Current library Shelving location Date acquired Total Checkouts Full call number Barcode Date last seen Price effective from Koha item type
          CBU-MAIN LIBRARY, KITWE. CBU-MAIN LIBRARY, KITWE.   11/30/2022   TA 190 Sht 750734 11/30/2022 11/30/2022 MONOGRAPH